SYURGA YANG DIJANJIKAN : (Record no. 142171)

MARC details
000 -LEADER
fixed length control field 01038pam a2200325 a 4500
001 - CONTROL NUMBER
control field vtls000663206
003 - CONTROL NUMBER IDENTIFIER
control field PNM
005 - DATE AND TIME OF LATEST TRANSACTION
control field 20180728150224.0
008 - FIXED-LENGTH DATA ELEMENTS--GENERAL INFORMATION
fixed length control field 111212t20122012my | g | 000 j may
015 ## - NATIONAL BIBLIOGRAPHY NUMBER
National bibliography number M13-07929
020 ## - INTERNATIONAL STANDARD BOOK NUMBER
International Standard Book Number 9789673911264
Terms of availability RM49.83
Qualifying information paperback
039 #9 - LEVEL OF BIBLIOGRAPHIC CONTROL AND CODING DETAIL [OBSOLETE]
Level of rules in bibliographic description 201306261412
Level of effort used to assign nonsubject heading access points nooraini
Level of effort used to assign subject headings 201306121122
Level of effort used to assign classification khuraisah
Level of effort used to assign subject headings 201306121119
Level of effort used to assign classification khuraisah
Level of effort used to assign subject headings 201306121116
Level of effort used to assign classification khuraisah
040 ## - CATALOGING SOURCE
Original cataloging agency BNM
Transcribing agency PNM
Language of cataloging eng
Modifying agency PPAK
Description conventions rda
049 ## - LOCAL HOLDINGS (OCLC)
Holding library klpmal
082 04 - DEWEY DECIMAL CLASSIFICATION NUMBER
Classification number 899.233010803
Edition number 23
090 00 - LOCALLY ASSIGNED LC-TYPE CALL NUMBER (OCLC); LOCAL CALL NUMBER (RLIN)
Classification number (OCLC) (R) ; Classification number, CALL (RLIN) (NR) 899.233010803
Feature heading MZU
Feature heading G
100 0# - MAIN ENTRY--PERSONAL NAME
Personal name M. ZUHAILI,
Dates associated with a name 1986-
Relator term author
245 10 - TITLE STATEMENT
Title SYURGA YANG DIJANJIKAN :
Name of part/section of a work BAHAGIAN SATU /
Statement of responsibility, etc. M. Zuhaili
264 #1 - PRODUCTION, PUBLICATION, DISTRIBUTION, MANUFACTURE, AND COPYRIGHT NOTICE
Place of production, publication, distribution, manufacture Seri Kembangan, Selangor :
Name of producer, publisher, distributor, manufacturer Penerbitan Premier,
Date of production, publication, distribution, manufacture, or copyright notice 2012
Date of production, publication, distribution, manufacture, or copyright notice © 2012
300 ## - PHYSICAL DESCRIPTION
Extent 141pages ;
Dimensions 18 cm
336 ## - CONTENT TYPE
Source rdacontent
Content type term text
337 ## - MEDIA TYPE
Source rdamedia
Media type term unmediated
338 ## - CARRIER TYPE
Source rdacarrier
Carrier type term volume
490 1# - SERIES STATEMENT
Series statement SIRI BAHAN BACAAN SEKOLAH
500 ## - GENERAL NOTE
General note Complete with synopsis
650 10 - SUBJECT ADDED ENTRY--TOPICAL TERM
Topical term or geographic name entry element Short stories, Malay
830 #0 - SERIES ADDED ENTRY--UNIFORM TITLE
Uniform title Siri bahan bacaan sekolah
942 ## - ADDED ENTRY ELEMENTS (KOHA)
Source of classification or shelving scheme Dewey Decimal Classification
Koha item type Book
Holdings
Withdrawn Not for loan Current library Shelving location Date acquired Full call number Barcode Date last seen Koha item type
    Perpustakaan Alor Setar Pinjaman Dewasa 03/05/2018 899.233010803 MZU A00736765 03/05/2018 Book